000 00861nam a2200253Ia 4500
008 191130s2004##################000#0#eng##
020 _a9780520249967
022 _a2003022760
040 _aACL
_cACL
082 _a709.73 LEJ
100 _aLeja, Michael
245 _aLooking askance : skepticism and American art from Eakins to Duchamp
_cMichael Leja
260 _aBerkeley
_bUniversity of California Press
_c2004
300 _axiii, 300 p. : ill. (some col.) ; 26 cm
500 _aIncludes bibliographical references and index
650 _aArt and society - United States
650 _aArt, American - 19th century
650 _aArt, American - 20th century
650 _aOptical illusions in art
650 _aVisual perception - Psychological aspects
990 _a532603e7ac10000c6424a438d22f40e0
991 _a297552
999 _c271533
_d271533